000 00939nam a22002897a 4500
003 CHAP
005 20220329140008.0
008 971013s r 00010 d
010 _a45238
011 _a46210
035 _a50351
040 _cCHAP
082 _a307.2
_bU5
110 _aUniversidad Nacional Autónoma de México. Instituto de Investigaciones Sociales
_9116558
245 _aInvestigacones en proceso, 19 -
260 _a(México, D.F.) :
_bEl Instituto,
_c19 -
300 _av.
500 _aLa biblioteca tiene: 1973-74
590 _aBATCH-UPD
_b10
_c20130110
_lUCH01
_h2024
590 _aBATCH-UPD
_b10
_c20130410
_lUCH01
_h1341
590 _aBATCH-UPD
_b10
_c20130914
_lUCH01
_h0938
590 _aCONVERSION
_b10
_c20130109
_lUCH01
_h1325
650 1 4 _aCiencias sociales
_xInvestigación.
_923226
901 _aBK
942 _cLIBRO
949 _a307.2 U5
_bBC
_cLIBRO
_d33724000296802
_eLIBRO
_f1973-74
_h41537
_i50351
_mD
_si
999 _c45238
_d45238